Statistics for The Lord of the Rings - The Fellowship of the Ring Quotes

Click here to take the quiz!

General Stats

  • This quiz has been taken 433 times
  • The average score is 13 of 15

Answer Stats

Hint Answer % Correct
You shall not .....!pass
98%
A ....... is never late, Frodo Baggins. Nor is he early. He arrives precisely when he means to.wizard
97%
........ Ring to Rule Them All. ........ Ring to Find Them. ...... Ring to Bring Them All and In The Darkness Bind Themone
96%
We will not abandon Merry and Pippin to torment and death. Not while we have strength left. Leave all that can be spared behind. We travel light. Let's hunt some .......!orc
94%
I made a promise, Mr Frodo. A promise. "...... you leave him Samwise Gamgee." And I ...... mean to. I ......mean to.dont
93%
One does not ....... walk into Mordor.simply
93%
I would have gone with you to the end, into the very fires of ........mordor
91%
And yet, to have come so far, still bearing the Ring, the ...... has shown extraordinary resilience to its evil.hobbit
91%
The One Ring answers to ........ alone. It has no other master.sauron
91%
The ring cannot be destroyed, Gimli, son of ....., by any craft that we here possess.gloin
89%
I don't know half of you half as well as I should ........, and I ....... less than half of you half as well as you deserve.like
81%
If you're referring to the incident with the ........., I was barely involved. All I did was give your uncle a little nudge out of the door.dragon
79%
Hobbits really are amazing creatures. You can learn all there is to know about their ways in a month, and yet after a ......... years they can still surprise you.hundred
78%
BILBO BAGGINS! Do not take me for some conjuror of cheap tricks! I am not trying to ...... you. I'm trying to help you.rob
66%
It's a dangerous business, Frodo, going out your door. You step onto the road, and if you don't keep your ........ there's no knowing where you might be swept off to."feet
65%

Score Distribution

Percentile by Number Answered

Percent of People with Each Score

Your Score History

You have not taken this quiz